NBA top ten best PG all time - Statistics

General Stats
  • This quiz has been taken 97 times
  • The average score is 5 of 10
Answer Stats
Answer % Correct
Magic johnson
88%
Jerry west
66%
John Stockton
54%
steve Nash
52%
Chris Paul
51%
Isiah Thomas
40%
jason Kidd
39%
Bob Cousy
34%
steph curry
32%
oscar robinson
2%
No matching quizzes found
Score Distribution
Percent of People with Each Score
Percentile by Number Answered
Your Score History
You have not taken this quiz